Normal view
MARC view
- الاخلاق المسيحية-المسيحية والسلام-الكنيسة الكاثوليكية-تاريخ-المسيحية والثقافة
Entry Topical Term
001 - CONTROL NUMBER
- control field: 43840
003 - CONTROL NUMBER IDENTIFIER
- control field: JO-AjAnu
005 - DATE AND TIME OF LATEST TRANSACTION
- control field: 20230606081249.0
008 - FIXED-LENGTH DATA ELEMENTS
- fixed length control field: 230606|| aca||aabn | a|a d
040 ## - CATALOGING SOURCE
- Original cataloging agency: JO-AjAnu
- Transcribing agency: JO-AjAnu
150 ## - HEADING--TOPICAL TERM
- Topical term or geographic name entry element: الاخلاق المسيحية-المسيحية والسلام-الكنيسة الكاثوليكية-تاريخ-المسيحية والثقافة
670 ## - SOURCE DATA FOUND
- Source citation: Work cat.: (JO-AjAnu)22444: راتزينغر،جوزف ، مجموعة من ذوي الاختصاص اللاهوتي والفلسفي/ترجمة, author 43839, قيم في أزمنة التحول :الصمود أمام تحديات المستقبل